000 00330nam a22001457a 4500
008 210311b ||||| |||| 00| 0 eng d
020 _aqhu00420159
041 _aeng
080 _a33
082 _a33
100 _a59
101 _aBIZ
245 _aSoftware Methods for Business Reengineering
_cBerztiss, A
942 _2udc
_cBK
999 _c56459
_d56459